1406 1872 1431 1371 1360 1362 1441 1096 1885 1885 1044 1580 1472 1134 1036 1895 1851 1061 1422 1811 1625 1754 1323 1399 1542 1463 1296 1352 1892 1876 1649 1370 1536 1781 1865 1741 1763 1557 1344 1294 1239 1472 1799 1304 1311 1619 1949 1458 1421 1443 1830 1776 1677 1679 1288 1908 1730 1064 1204 1219 1547 1474 1828 1981 1171 1535 1606 1594 1643 1305 1245 1460 1593 1503 1892 1311 1561 1935 1718 1638 1338 1889 1482 1227 1755 1056 1746 1976 1040 1135 1201 1370 1232 1151 1219 1838 1961 1501 1209 BCNSPRNW ULIB Ver.6.0+V

เปลี่ยนเป็นภาษาไทย

Change to English
 แสดงรายละเอียดบรรณานุกรม
  กลับหน้าหลัก

Brief Record : Get Marc (ISO 2709) : E-mail record : QR code < ปิดหน้าต่าง
LEADER : 00000nam 2200000uu 4500
001    13399122869
003     ULIB
008    131022s2555||||th 000 0 tha d
020    ^a9786162132193
050  4 ^aDS520^bส834ซ
100    ^aสุภฤกษ์ บุญทอง
245    ^aซินจ่าว...เวียดนาม/^cสุภฤกษ์ บุญทอง
250    ^aพิมพ์ครั้งที่ 2
260    ^aกรุงเทพฯ :^bสกายบุ๊กส์,^c2555
300    ^a72 หน้า
440  0 ^aชุด ประชาคมอาเซียนฉบับการ์ตูน
650  7 ^aอาเซียน^xเสริมความรู้
650  7 ^aเวียดนาม
945    ^p119^l0^i034089
999    ^aเกษร โพธิ์สุวรรณ
รายการนี้ยังไม่มีแท็ก
คุณยังไม่ได้ล็อกอิน คุณสามารถมีกิจกรรมร่วมกับเว็บไซต์ได้ แต่ต้องล็อกอินก่อน ::
  ล็อกอิน

รายการสื่อสารสนเทศ

ลำดับที่ ประเภท เลขเรียก/บาร์โค้ด สถานที่ สถานะ
1. การศึกษาทั่วไป
หนังสือสำรอง
สถานะ=หนังสือสำรอง
DS520 ส834ซ ฉ.1 
  Barcode: 034089
ห้องสมุดวิทยาเขตสวรรค์ประชารักษ์
►หนังสือทั่วไป
บนชั้น

รายการใกล้เคียง
    ผู้แต่ง [สุภฤกษ์ บุญทอง]

    หัวเรื่อง [เวียดนาม]

BibComment


ยังไม่เคยถูกคอมเมนท์

คอมเมนท์ทรัพยากรรายการนี้
  คอมเมนท์: ซินจ่าวเวียดนาม ..


 Copyright 2026. Bcnsprnw @Library